| 000 | 00495nam a2200169 i 4500 | ||
|---|---|---|---|
| 001 | 89430 | ||
| 003 | ES-MaACL | ||
| 005 | 20230906180153.0 | ||
| 007 | t| | ||
| 008 | 050110s1972 sp ||||1| baq d | ||
| 100 | 1 |
_aLasa, Miguel. _970398 |
|
| 245 | 1 | 0 |
_aNovela berria Hego-Amerikan _b: Literatura / _cMikel Lasa ; Azala, Alejandro Tapia. |
| 260 |
_a[Bilbao : _bMensajero, _c1972] |
||
| 300 |
_a133 p. ; _c18 cm. |
||
| 700 | 1 |
_aTapia, Alejandro. _9109221 |
|
| 852 |
_aES-MaACL _jC-52645 _bR.83002 |
||
| 999 |
_c89430 _d89430 |
||